IMDG code : International Maritime Dangerous Goods code : incorporating amendment 36-12. Vol. II (Record no. 1)

000 -LEADER
fixed length control field 00446nam a2200145Ia 4500
008 - FIXED-LENGTH DATA ELEMENTS--GENERAL INFORMATION
fixed length control field 191121s 2012 ||||xx |||||||||||||| ||und||
020 ## - INTERNATIONAL STANDARD BOOK NUMBER
International Standard Book Number 9789280115611
082 ## - DEWEY DECIMAL CLASSIFICATION NUMBER
Classification number 348.023
Item number IMO
110 ## - MAIN ENTRY--CORPORATE NAME
Corporate name or jurisdiction name as entry element IMO : International Maritime Organization
245 #0 - TITLE STATEMENT
Title IMDG code : International Maritime Dangerous Goods code : incorporating amendment 36-12. Vol. II
250 ## - EDITION STATEMENT
Edition statement Vol. II
260 ## - PUBLICATION, DISTRIBUTION, ETC. (IMPRINT)
Place of publication, distribution, etc London
Name of publisher, distributor, etc IMO
Date of publication, distribution, etc 2012
300 ## - PHYSICAL DESCRIPTION
Extent xiv, 481p.
942 ## - ADDED ENTRY ELEMENTS (KOHA)
Item type Books
Holdings
Withdrawn status Lost status Source of classification or shelving scheme Damaged status Not for loan Collection code Permanent location Current location Shelving location Date acquired Full call number Barcode Date last seen Koha item type Public note
                  2019-11-21     2019-11-21 Books  
                  2019-11-21   LBS13492 2025-03-17 Books  
                  2019-11-21     2019-11-21 Books  
          Non-fiction IMU-MPC Library IMU-MPC Library General Stacks 2013-06-19 348.023 IMO LBS13493 2025-03-17 Books Column-5
Copyright © 2021 Indian Maritime University, Mumbai Port Campus. All Rights Reserved. Managed & Maintained by Central Library, IMU-Mumbai

webs counters

Powered by Koha